[Event "Barcelona Sant Marti op 11th"]
[Site "Barcelona"]
[Date "2024.02.15"]
[Round "6"]
[White "Sanchez Murcia, Daniel"]
[Black "Escribano Rodriguez, Pedro"]
[Result "1/2-1/2"]
[WhiteElo "1676"]
[BlackElo "1779"]
[PlyCount "97"]
[EventDate "2024.01.11"]
[EventType "swiss"]
[EventRounds "9"]
[EventCountry "ESP"]
[SourceTitle "CB11_2024"]
[SourceDate "2024.03.13"]
[SourceVersion "1"]
[SourceVersionDate "2024.03.13"]
[SourceQuality "1"]

1. d4 d5 2. Bf4 c5 3. e4 cxd4 4. Qxd4 dxe4 5. Qxd8+ Kxd8 6. Nc3 Nf6 7. 0-0-0+ Bd7 8. Nge2 Nc6 9. Bg5 e6 10. Nxe4 Be7 11. Bxf6 gxf6 12. Nd4 Nxd4 13. Rxd4 Kc7 14. Be2 Bc6 15. Bh5 f5 16. Nc3 Rad8 17. Rhd1 Rhg8 18. g3 Bc5 19. Rc4 Bxf2 20. Bf3 a6 21. b4 Rc8 22. a4 Kb8 23. Bxc6 bxc6 24. Rd7 Rc7 25. Rd3 Rg4 26. Rxg4 fxg4 27. Ne4 Bb6 28. Nf6 h5 29. Rd8+ Kb7 30. Nxh5 Re7 31. Rd1 f5 32. Re1 Bc7 33. Nf4 Bxf4+ 34. gxf4 Kc7 35. c4 Rh7 36. Re2 Rh3 37. Kb2 Rf3 38. Rxe6 Rxf4 39. Kc3 Rf2 40. Rh6 f4 41. Kd4 f3 42. Kc5 Rxh2 43. Rxh2 g3 44. Rh7+ Kd8 45. Kd6 Ke8 46. Ke6 Kf8 47. Kf6 Ke8 48. Ke6 Kd8 49. Kd6 1/2-1/2

[Event "Barcelona Sant Marti op 11th"]
[Site "Barcelona"]
[Date "2024.01.25"]
[Round "3"]
[White "Garcia Gonzalez, Juan"]
[Black "Sanchez Murcia, Daniel"]
[Result "0-1"]
[WhiteElo "1520"]
[BlackElo "1676"]
[PlyCount "54"]
[EventDate "2024.01.11"]
[EventType "swiss"]
[EventRounds "9"]
[EventCountry "ESP"]
[SourceTitle "CB11_2024"]
[SourceDate "2024.03.13"]
[SourceVersion "1"]
[SourceVersionDate "2024.03.13"]
[SourceQuality "1"]

1. c4 e6 2. b3 d5 3. cxd5 exd5 4. Bb2 Nf6 5. Nf3 c6 6. e3 Bg4 7. h3 Bh5 8. Be2 Bd6 9. g4 Bg6 10. g5 Ne4 11. Bxg7 Rg8 12. Be5 Bxe5 13. Nxe5 Qxg5 14. Nf3 Qf6 15. d3 Nxf2 16. Kxf2 Qxa1 17. Qd2 Qf6 18. Qb4 Qe7 19. Qc3 Bh5 20. Nbd2 Nd7 21. Qa5 Bxf3 22. Nxf3 Qd6 23. Ke1 Qc5 24. Qc7 Qc1+ 25. Bd1 Qxe3+ 26. Be2 Rg2 27. Rf1 Qxe2# 0-1

[Event "Foment Martinenc op-C 22nd"]
[Site "Barcelona"]
[Date "2022.06.18"]
[Round "9"]
[White "Negreira Rodriguez, Daniel"]
[Black "Sanchez Murcia, Daniel"]
[Result "0-1"]
[WhiteElo "1728"]
[BlackElo "1744"]
[PlyCount "96"]
[EventDate "2022.04.23"]
[EventType "swiss"]
[EventRounds "9"]
[EventCountry "ESP"]
[SourceTitle "EXT 2023"]
[Source "ChessBase"]
[SourceDate "2022.10.05"]
[SourceVersion "1"]
[SourceVersionDate "2022.10.05"]
[SourceQuality "1"]

1. e4 e6 2. d4 d5 3. exd5 exd5 4. Nf3 Bd6 5. Nc3 Ne7 6. Bd3 Nbc6 7. 0-0 Bg4 8. Be3 Qd7 9. Nb5 0-0-0 10. c4 dxc4 11. Bxc4 f6 12. Rc1 Qf5 13. Nxd6+ Rxd6 14. Be2 h5 15. Qd2 g5 16. Bd3 Qd7 17. Be2 Bxf3 18. Bxf3 Nxd4 19. Bxd4 Rxd4 20. Qa5 Kb8 21. Rfe1 g4 22. Be2 Nc6 23. Qc3 Rd8 24. Bb5 Rd6 25. a4 a6 26. Bf1 Qf5 27. b4 Qd7 28. b5 Na7 29. bxa6 Rc6 30. Qb4 Rb6 31. Qf4 Qd6 32. Qxd6 Rbxd6 33. Re7 R6d7 34. Re6 Rd6 35. Re3 f5 36. Re5 Rd5 37. Re7 R5d7 38. Re2 f4 39. Rb2 b6 40. Rbc2 c5 41. Rb2 Nc8 42. Rxc5 Rd5 43. Rc6 f3 44. gxf3 gxf3 45. Rf6 Rg5+ 46. Kh1 Rd1 47. a7+ Ka8 48. h4 Rxf1+ 0-1